La tentación de las masas /

Guardado en:
Autor Corporativo: ATC.
Formato: Deslizar
Series:Del horror a la esperanza
Materias:
Etiquetas: Agregar Etiqueta
Sin Etiquetas, Sea el primero en etiquetar este registro!
LEADER 00989ngm a22002775g 4500
001 CEM.cems022801
008 130507b2007##################0###0#####d
005 20241120141055.0
245 1 0 |a La tentación de las masas /  |c ATC. 
300 |a 46'. 
490 0 |a Del horror a la esperanza 
500 |a En soporte VHS, consultar en ventanilla. 
505 0 |a El mundial '78 y su utilización política. La corrupción del mundial. La complicidad de los medios. La guerra de Malvinas. Causas y consecuencias. La derrota. Las cifras de la guerra. 
538 |a Soporte: VHS - Norma: Pal N - Color: Si - Grabación DRD 2007 - Hitachi=0000 
110 2 |a ATC. 
082 9 8 |/ HOR 
653 |a SOCIOLOGIA 
653 |a POLITICA 
653 |a MASAS 
653 |a MUNDIAL '78 
653 |a CORRUPCION 
653 |a COMPLICIDAD MEDIATICA 
653 |a MALVINAS 
653 |a NIVEL PRIMARIO 
653 |a NIVEL SECUNDARIO 
859 |a CEMS  |b BIB. CEMS - Depto. Recursos Didacticos  |h 982  |i HOR  |k DRD  |p 1444.12  |t Ej.1